Corporation finance / (Record no. 129126)

MARC details
000 -LEADER
fixed length control field 00772nam a22002417a 4500
005 - DATE AND TIME OF LATEST TRANSACTION
control field 20170124110051.0
010 ## - LIBRARY OF CONGRESS CONTROL NUMBER
LC control number 994261
020 ## - INTERNATIONAL STANDARD BOOK NUMBER
Terms of availability 00.00
035 ## - SYSTEM CONTROL NUMBER
System control number 994261
037 ## - SOURCE OF ACQUISITION
Source of stock number/acquisition Cen Lib/Ret
040 ## - CATALOGING SOURCE
Original cataloging agency DPL
Language of cataloging EN
082 ## - DEWEY DECIMAL CLASSIFICATION NUMBER
Classification number 658.15
Item number MOH
100 ## - MAIN ENTRY--PERSONAL NAME
Personal name Mohammad Mohsin
9 (RLIN) 25492
245 ## - TITLE STATEMENT
Title Corporation finance /
Statement of responsibility, etc by Mohammad Mohsin [and] Khan Masood Ahmad
260 ## - PUBLICATION, DISTRIBUTION, ETC. (IMPRINT)
Place of publication, distribution, etc New Delhi
Name of publisher, distributor, etc Tata McGraw-Hill Publishing Company Limited
Date of publication, distribution, etc 1980
270 ## - ADDRESS
Address 12/4, Asaf Ali Road
City New Delhi
Postal code 110002
300 ## - PHYSICAL DESCRIPTION
Extent xii,403p. :
Dimensions 24cm(Hb)
Other physical details ill.
500 ## - GENERAL NOTE
General note Includes bibliographical references and index.
650 ## - SUBJECT ADDED ENTRY--TOPICAL TERM
Topical term or geographic name as entry element Mangement
9 (RLIN) 25493
650 ## - SUBJECT ADDED ENTRY--TOPICAL TERM
Topical term or geographic name as entry element Finance management
9 (RLIN) 25494
700 ## - ADDED ENTRY--PERSONAL NAME
Personal name Khan Masood Ahmad
9 (RLIN) 25488
942 ## - ADDED ENTRY ELEMENTS (KOHA)
Source of classification or shelving scheme Dewey Decimal Classification
Koha item type English Books
Classification part 658.15
Call number suffix MOH
Holdings
Withdrawn status Lost status Damaged status Not for loan Home library Current library Date acquired Source of acquisition Cost, normal purchase price Total Checkouts Full call number Barcode Date last seen Copy number Cost, replacement price Price effective from Koha item type
        Central Library Central Library 04/07/2015 Cen Lib/Ret 0.00   658.15 MOH 994261 04/07/2015 1 0.00 04/07/2015 English Books

© Delhi Public Library
Hit Counter
free hit counter